| 000 -LEADER |
| fixed length control field |
00631nam a22001697a 4500 |
| 005 - DATE AND TIME OF LATEST TRANSACTION |
| control field |
20260305114544.0 |
| 008 - FIXED-LENGTH DATA ELEMENTS--GENERAL INFORMATION |
| fixed length control field |
260305s2006 enk||||| |||| 00| 0 eng d |
| 020 ## - INTERNATIONAL STANDARD BOOK NUMBER |
| International Standard Book Number |
9781403984760x |
| 041 ## - LANGUAGE CODE |
| Language code of text/sound track or separate title |
eng |
| 080 ## - UNIVERSAL DECIMAL CLASSIFICATION NUMBER |
| Universal Decimal Classification number |
316.722:008.1(73:520):791.228(73) K-27 |
| 100 ## - MAIN ENTRY--PERSONAL NAME |
| Personal name |
Kelts, Roland |
| 9 (RLIN) |
27056 |
| 245 ## - TITLE STATEMENT |
| Title |
Japanamerica: |
| Remainder of title |
How Japanese Pop Culture Has Invaded the U.S. |
| Statement of responsibility, etc. |
Roland Kelts. |
| 264 ## - PRODUCTION, PUBLICATION, DISTRIBUTION, MANUFACTURE, AND COPYRIGHT NOTICE |
| Place of production, publication, distribution, manufacture |
New York : |
| Name of producer, publisher, distributor, manufacturer |
St. Martin's Griffin, |
| Date of production, publication, distribution, manufacture, or copyright notice |
2006. |
| 300 ## - PHYSICAL DESCRIPTION |
| Extent |
227 p.; |
| Other physical details |
23 cm. |
| 653 ## - INDEX TERM--UNCONTROLLED |
| keyword |
როგორ შეიჭრა იაპონურმა პოპ-კულტურამ აშშ-ში |
| 942 ## - ADDED ENTRY ELEMENTS (KOHA) |
| Source of classification or shelving scheme |
|
| Koha item type |
წიგნი |